| 000 | 01151nam a22003137a 4500 | ||
|---|---|---|---|
| 001 | 7619 | ||
| 003 | FISKH | ||
| 005 | 20250728104024.0 | ||
| 008 | 250728b cb ||||| |||| 00| 0 eng d | ||
| 020 | _a9780545838399 | ||
| 040 |
_aFISKH _beng _cFISKH _dFISKH |
||
| 050 | _aML3561.W45 L48 | ||
| 082 | _a782.42162 | ||
| 100 | _aLevy, Debbie | ||
| 245 |
_aWe shall over come : _bThe story of a song / _cWritten by Debbie Levy : Illustrated by Vanessa Brantley-Newton |
||
| 250 | _aFirst Scholastic printing , January 2015 | ||
| 260 |
_aNew York : _bScholastic , _c2013. |
||
| 300 |
_a32 pages : _bcolor illustrations ; _c23 X 23 cm. |
||
| 505 | _aJ | ||
| 520 | _aTraces the history of the inspiring anthem and explains how it has come to represents the right for equality and freedom around the world. | ||
| 521 | 8 |
_a500
_bLexile estimate |
|
| 521 | 8 |
_aJ
_bRaz-Plus |
|
| 650 |
_aBlack history _vChildren Non-Fiction |
||
| 650 |
_aProtesting _vChildren Non-Fiction |
||
| 650 |
_aCivil Rights Movement _vChildren Non-Fiction |
||
| 700 |
_aBrantley-Newton, Vanessa _eIllustrator |
||
| 942 |
_2ddc _cBK _n0 |
||
| 999 |
_c7619 _d7619 |
||